[Event "San Francisco Powell Memorial G/45"]
[Site "San Francisco"]
[Date "2006.05.06"]
[Round "1"]
[White "Zheng, Daniel"]
[Black "Young, Gregory G"]
[Result "0-1"]
[WhiteElo "1285"]
[BlackElo "1870"]
[PlyCount "70"]
[EventDate "2006.05.06"]
[EventType "swiss (rapid)"]
[EventRounds "5"]
[EventCountry "USA"]
[SourceTitle "EXT 2007"]
[Source "ChessBase"]
[SourceDate "2006.11.23"]
[SourceVersion "1"]
[SourceVersionDate "2006.11.23"]
[SourceQuality "1"]

1. e4 c5 2. Nf3 Nc6 3. d4 cxd4 4. Nxd4 g6 5. Be3 Bg7 6. Nc3 Nf6 7. Bc4 0-0 8. f3 Qb6 9. Rb1 Nxe4 10. Nd5 Qa5+ 11. b4 Nxb4 12. Nxb4 Nc3 13. Qc1 Nxb1 14. Qxb1 Qc5 15. Qb3 Bxd4 16. Bxd4 Qxd4 17. Qd3 Qa1+ 18. Qd1 Qc3+ 19. Kf2 Qxc4 20. Qd2 e5 21. c3 a5 22. Nd5 Qc5+ 23. Kg3 Ra6 24. Re1 Re8 25. h3 Rd6 26. Rd1 Rxd5 27. Qxd5 Qxd5 28. Rxd5 b6 29. Rb5 Re6 30. c4 f6 31. Kf2 Rc6 32. h4 Kf7 33. Ke2 Ba6 34. Kd2 Bxb5 35. cxb5 Rc5 0-1

[Event "San Francisco McLain Memorial g/45"]
[Site "San Francisco"]
[Date "2005.12.03"]
[Round "5"]
[White "Parker, Harold"]
[Black "Young, Gregory G"]
[Result "1/2-1/2"]
[WhiteElo "1500"]
[BlackElo "1848"]
[PlyCount "100"]
[EventDate "2005.12.03"]
[EventType "swiss"]
[EventRounds "5"]
[EventCountry "USA"]
[SourceTitle "EXT 2007"]
[Source "ChessBase"]
[SourceDate "2006.11.23"]
[SourceVersion "1"]
[SourceVersionDate "2006.11.23"]
[SourceQuality "1"]

1. e4 d5 2. exd5 Qxd5 3. Nc3 Qa5 4. d4 c6 5. h3 Bf5 6. Nf3 e6 7. Bd2 Qc7 8. Be2 Nd7 9. Bg5 Ngf6 10. Bd3 Bxd3 11. Qxd3 Bd6 12. g3 h6 13. Bxf6 Nxf6 14. Ne4 Nxe4 15. Qxe4 0-0-0 16. 0-0-0 Qa5 17. Kb1 Qd5 18. Qxd5 exd5 19. Ne5 Rhf8 20. f4 f6 21. Ng6 Rfe8 22. Rhe1 Kd7 23. g4 Rxe1 24. Rxe1 Re8 25. Rxe8 Kxe8 26. f5 Kd7 27. b3 c5 28. dxc5 Bxc5 29. Nf4 Kd6 30. Kb2 Bd4+ 31. c3 Be3 32. Ne6 g5 33. Kc2 Ke5 34. Kd3 Bb6 35. a4 a6 36. b4 a5 37. b5 Kd6 38. Ng7 Bg1 39. Ne6 Bb6 40. Ng7 Bc5 41. Ne6 Bg1 42. Ng7 Ke5 43. Ne6 Bf2 44. Ke2 Bg1 45. Kd2 Ba7 46. Ke2 Bb6 47. Ng7 Bc5 48. Kd3 Bg1 49. Ne6 Bc5 50. Ng7 Bg1 1/2-1/2